[Event "10th Mumbai Mayors Cup 2017"]
[Site "Mumbai"]
[Date "2017.06.07"]
[Round "6"]
[White "Sanjeev, Kumar"]
[Black "Ziatdinov, Raset"]
[Result "1-0"]
[WhiteElo "2076"]
[BlackElo "2301"]
[Annotator "TA"]
[PlyCount "57"]
[EventDate "2017.06.04"]
[EventType "swiss"]
[EventCountry "IND"]
[SourceTitle "playchess.com"]
[Source "ChessBase"]
[SourceQuality "1"]

{[%evp 20,57,22,6,49,26,29,0,-20,-20,27,-28,33,19,31,-3,8,-31,30,37,39,39,245,240,218,239,341,341,318,333,305,307,399,339,360,372,620,606,608,613]} 1. e4 e5 2. Nf3 Nc6 3. Bb5 {[%cal Bf1b5,Bb5a4,Ba4b3][%mdl 32]} a6 4. Ba4 Nge7 5. O-O g6 6. c3 Bg7 7. d4 b5 8. Bb3 exd4 {C60: Ruy Lopez: Unusual Black 3rd moves and 3...g6} 9. cxd4 Na5 (9... d6 10. Nc3 O-O 11. h3 Na5 12. Bg5 h6 13. Bxe7 Qxe7 14. Nd5 Qd8 15. Rc1 c6 16. Nf4 {½-½ (48) Vachier Lagrave,M (2758)-Mamedyarov,S (2765) Beijing 2014}) 10. Bc2 O-O 11. Nc3 {LiveBook: 74 Games} Bb7 12. Bg5 h6 13. Bh4 d6 14. Re1 $146 ({Predecessor:} 14. Qd3 Qd7 15. a3 Rfe8 16. Nd2 {0-1 (79) Paulet,I (2249)-Haast,A (2299) Amsterdam 2016}) 14... Nc4 15. Rb1 ({Better is} 15. Qe2) 15... Re8 ({Black should try} 15... g5 $11 16. Bg3 f5) 16. a4 b4 17. Ne2 c5 18. Nf4 (18. Qd3 $5 {[%cal Rd3c4]} Na5 19. b3 $11) 18... cxd4 (18... Na5 $15) 19. Bb3 $11 ({Stronger than} 19. Nxd4 Qb6 $17) 19... Rc8 20. Qd3 $1 $36 {[%mdl 2048] White has some pressure.} Qc7 $2 {[#]} ({Black should play} 20... d5 $14 21. Nxd5 Bxd5 22. exd5 Na5) 21. Rec1 $1 $18 {[%cal Be1c1,Bc1c4,Bc4b4,Bb4e4][%mdl 32]} g5 22. Rxc4 Qa5 (22... Qd7 {was necessary.}) 23. Nh5 ({Not} 23. Nxd4 gxh4 24. Nf3 h3 $16) 23... gxh4 24. Nxg7 Kxg7 25. Qxd4+ f6 26. Rxb4 Rc7 {White must now prevent ...Nc6.} 27. Qxd6 Nc8 $2 (27... Rc6) 28. Qd2 Bxe4 {[#]} 29. Rxe4 $1 {[%mdl 512] Precision: White = 40%, Black = 37%.} 1-0

[Event "10th Mumbai Mayors Cup 2017"]
[Site "Mumbai"]
[Date "2017.06.07"]
[Round "6"]
[White "Sreeshwan, Maralakshikari"]
[Black "Navalgund, Niranjan"]
[Result "0-1"]
[WhiteElo "2072"]
[BlackElo "2351"]
[Annotator "NA"]
[PlyCount "196"]
[EventDate "2017.06.04"]
[EventType "swiss"]
[EventCountry "IND"]
[SourceTitle "playchess.com"]
[Source "ChessBase"]
[SourceQuality "1"]
[TimeControl "5400+30"]

1. d4 Nf6 2. Nf3 c5 3. e3 g6 4. dxc5 Qa5+ 5. Nbd2 Qxc5 6. a3 Bg7 7. b4 Qc7 8. Bb2 O-O 9. Be2 b6 10. O-O Bb7 11. c4 d6 12. Rc1 {A48: 1 d4 Nf6 2 Nf3 g6: Torre, London and Colle Systems} Nbd7 13. h3 (13. Qb3 Rac8 14. Rfd1 Qb8 15. Bf1 Rfd8 16. Nd4 Qa8 17. Ba1 a6 18. Rc2 Rc7 19. Rdc1 Rdc8 20. Ne2 d5 21. Nf4 e6 22. cxd5 Rxc2 23. Rxc2 Nxd5 24. Bxg7 Kxg7 {½-½ (52) Bukavshin,I (2657)-Gelfand,B (2731) Moscow 2015}) 13... Rac8 14. Qb3 Qb8 15. Rfd1 Rfd8 16. Nd4 e6 $146 ({Predecessor:} 16... a6 17. Bf3 Ne5 18. Bxb7 Qxb7 19. N4f3 Nfd7 20. Nd4 Nf6 21. N4f3 Ned7 22. Qd3 Rc7 23. Rc2 Rdc8 {½-½ (62) Gedajlovic,M (2304)-Malek,D (2430) Prague 2016}) 17. Bf3 d5 18. cxd5 Nxd5 19. Nc4 a6 20. Ne2 b5 21. Na5 Ba8 22. Bxg7 Kxg7 23. Qb2+ Kg8 24. Nd4 Qe5 25. Rxc8 Rxc8 26. Rc1 Re8 27. Qd2 Qg5 $14 28. Ndc6 N7f6 29. Rc5 Nd7 30. Rc2 N7b6 31. Qd4 e5 32. Qc5 e4 33. Be2 Qf6 34. Qd4 Qe6 35. Rc5 h5 36. Bd1 Rc8 37. Ne5 Re8 38. Nec6 Rc8 39. Ne5 Nf6 40. Rxc8+ Nxc8 41. Bb3 Bd5 42. Bxd5 Qxd5 43. Qxd5 Nxd5 44. Nb7 Nc7 45. Nd7 f5 46. Nbc5 Nd6 47. Nb8 Nc4 48. Nbxa6 Nxa6 49. Nxa6 Nxa3 50. Kf1 Kf7 51. Ke2 Ke6 52. Kd2 Kd6 53. Kc3 g5 54. Nc5 Nc4 55. g4 h4 56. gxf5 Ke5 57. f6 Nd6 58. Nd7+ Ke6 59. Nc5+ Ke5 60. Nd7+ Kd5 61. Nf8 g4 62. Ng6 gxh3 63. Nf4+ Ke5 64. Nxh3 Kxf6 65. Kd4 Kf5 66. Kc5 Kg4 67. Ng1 Nf5 68. Kd5 Ne7+ 69. Kxe4 Nc6 70. f4 Nxb4 71. f5 Nc6 72. f6 Nd8 73. Ke5 b4 74. Kd4 Kf5 75. Kc4 Kxf6 76. Kxb4 Kf5 77. Kc3 Kg4 78. Kd4 Ne6+ 79. Kd5 Ng5 80. e4 Kg3 81. Ne2+ Kf3 82. Ke5 Kxe2 83. Kf4 Kf2 84. e5 h3 85. Kxg5 h2 86. e6 h1=Q 87. Kf6 Qh6+ 88. Kf7 Qf4+ 89. Kg7 Qe5+ 90. Kf7 Qf5+ 91. Ke7 Ke3 92. Kd6 Qf6 93. Kd7 Qd4+ 94. Kc8 Qc4+ 95. Kd7 Qd5+ 96. Ke7 Kf4 97. Kf6 Qf5+ 98. Ke7 Ke5 0-1

[Event "10th Mumbai Mayors Cup 2017"]
[Site "Mumbai"]
[Date "2017.06.07"]
[Round "6"]
[White "Kamdar, Udit"]
[Black "Aditya, Mittal"]
[Result "1/2-1/2"]
[WhiteElo "2028"]
[BlackElo "2211"]
[Annotator "TA"]
[PlyCount "58"]
[EventDate "2017.06.04"]
[EventType "swiss"]
[EventCountry "IND"]
[SourceTitle "playchess.com"]
[Source "ChessBase"]
[SourceQuality "1"]

{[%evp 18,58,-8,-1,0,-35,0,0,0,0,-10,-11,-9,-29,0,0,0,-33,-45,-44,-16,-19,8,5,8,10,10,-2,4,0,28,11,22,22,50,35,49,0,0,0,12,0,28]} 1. e4 c5 2. Nc3 d6 3. f4 a6 4. Nf3 Nf6 5. d4 cxd4 6. Nxd4 e5 7. Nf3 Nbd7 8. Bc4 Be7 9. a4 O-O 10. O-O Qc7 {B93: Sicilian Najdorf: 6 f4} (10... Qb6+ 11. Kh1 exf4 12. Ba2 Nc5 13. Qe1 Bg4 14. Bxf4 Rae8 15. Nd2 Be6 16. Nc4 Qc6 17. Na5 Qb6 18. Nc4 Qc6 {0-1 (41) Shabalov,A (2499)-Shankland,S (2633) Las Vegas 2014}) 11. Bd3 exf4 $146 ({Predecessor:} 11... Nc5 12. f5 d5 13. exd5 e4 14. Nxe4 Ncxe4 15. Bxe4 Nxe4 16. Be3 Bxf5 17. Nd2 Bg6 18. Nxe4 Bxe4 19. Qd4 Bg6 20. Rfd1 Bd6 21. h3 Rfe8 22. c4 Re4 {0-1 (22) Patat,F (1670)-Giraudo,S (2068) Avoine 2005}) 12. Kh1 Ne5 13. Bxf4 Be6 14. Nxe5 dxe5 15. Bg5 Qd8 16. Qe2 Ng4 17. Be3 Nxe3 18. Qxe3 Bb4 {[#]} 19. Nd5 $1 {[%mdl 512]} Bxd5 20. exd5 {And now Qe4 would win.} Bd6 21. c4 {Threatens to win with c5.} Qe7 22. Rab1 $40 {[%mdl 128] White is up to no good.} a5 23. Rbe1 (23. Qe4 {feels hotter.} g6 24. g4 Bc5 25. Rbe1 Qh4 26. Qf3) 23... Rac8 24. b3 (24. Qf3 {is interesting.} g6 25. g4 f6 26. b3 Rf7 27. Qh3) 24... g6 25. g4 f6 26. Rf3 Rce8 27. Qe4 Rf7 {The position is equal.} 28. Ref1 b6 29. Bc2 Ref8 {Precision: White = 53%, Black = 42%.} 1/2-1/2

[Event "10th Mumbai Mayors Cup 2017"]
[Site "Mumbai"]
[Date "2017.06.07"]
[Round "6"]
[White "Chandreyee, Hajra"]
[Black "Mithil, Ajgaonkar"]
[Result "0-1"]
[WhiteElo "1997"]
[BlackElo "2203"]
[Annotator "TA"]
[PlyCount "72"]
[EventDate "2017.06.04"]
[EventType "swiss"]
[EventCountry "IND"]
[SourceTitle "playchess.com"]
[Source "ChessBase"]
[SourceQuality "1"]

{[%evp 21,72,39,34,23,37,26,36,36,37,22,37,30,31,28,76,-8,-12,-9,0,-96,-97,-95,-101,-98,-100,-122,-136,-151,-140,-168,-142,-323,-333,-317,-331,-339,-329,-466,-463,-458,-442,-582,-562,-984,-972,-906,-899,-12836,-12836,-12837,-12838,-29990,-29991]} 1. e4 c6 2. d4 d5 3. Nc3 dxe4 4. Nxe4 Nd7 5. Nf3 Ngf6 6. Nxf6+ Nxf6 7. Bd3 Bg4 8. c3 e6 9. h3 Bxf3 10. Qxf3 Be7 11. O-O O-O {LiveBook: 4 Games} 12. Bf4 {B17: Caro-Kann: Modern Line (4...Nd7)} (12. Re1 Qd5 13. Qg3 Bd6 14. Qh4 Qh5 15. Qxh5 Nxh5 16. g3 Nf6 17. Be2 Rfe8 18. Bf3 e5 19. dxe5 Bxe5 20. Be3 Bc7 21. Bd4 Bb6 22. Bxf6 gxf6 23. Rxe8+ Rxe8 {½-½ (23) Shanava,K (2519)-Arutinian,D (2593) Kocaeli 2008}) 12... Qb6 13. b3 $146 ({Predecessor:} 13. Be5 a5 14. Rfd1 Kh8 15. b3 Nd7 16. Qe4 f5 17. Qe2 Rae8 18. Bc4 Nxe5 19. Qxe5 {1-0 (61) Sakamoto,R (1758)-Dinegri,R (1634) Sao Paulo 2013}) 13... Nd5 14. Bd2 {White is slightly better.} Bf6 15. Rfd1 a5 16. Bc2 Rfd8 17. g4 Rd7 18. a3 (18. g5 $16 Be7 19. a3) 18... Qd8 $11 19. b4 g6 20. Qe4 (20. bxa5 $11 Nc7 21. Bc1) 20... axb4 $1 $17 21. axb4 {[#]} Rxa1 $1 22. Rxa1 {[#]} Nxb4 $1 23. Be3 Nd5 24. Bd2 Bg5 25. f4 Be7 26. f5 $2 (26. Kh1 $17 {might work better.}) 26... exf5 $19 27. gxf5 Bg5 28. fxg6 hxg6 29. Qg2 (29. c4 $142) 29... Bxd2 30. Qxd2 Qh4 31. Bb3 Qg3+ 32. Qg2 Qxc3 33. Ra8+ Kg7 34. Qg5 Qxd4+ 35. Kh1 Qe4+ 36. Kg1 Nf4 {Precision: White = 15%, Black = 76%.} 0-1

[Event "10th Mumbai Mayors Cup 2017"]
[Site "Mumbai"]
[Date "2017.06.07"]
[Round "6"]
[White "Nikhil, Magizhnan"]
[Black "Jayakumaar, S."]
[Result "1/2-1/2"]
[WhiteElo "1983"]
[BlackElo "2185"]
[Annotator "NA"]
[PlyCount "99"]
[EventDate "2017.06.04"]
[EventType "swiss"]
[EventCountry "IND"]
[SourceTitle "playchess.com"]
[Source "ChessBase"]
[SourceQuality "1"]
[TimeControl "5400+30"]

1. e4 c5 2. Nf3 Nc6 3. Bb5 g6 4. Bxc6 dxc6 5. d3 Bg7 6. h3 Nf6 7. Nc3 Nd7 8. Be3 e5 9. Qd2 h6 10. Qe2 Qe7 11. g4 b6 12. Nd2 $11 Nf8 13. f3 Ne6 14. Qf2 h5 15. O-O-O Ba6 16. Ne2 O-O-O 17. Kb1 h4 18. Nc4 g5 19. Bc1 Bxc4 20. dxc4 Kb7 21. c3 Kc7 22. Kc2 a5 23. Be3 a4 24. Rxd8 Rxd8 25. Rd1 f6 26. Rxd8 Nxd8 27. Nc1 Nb7 28. Qe2 Qf7 29. Qf1 Bf8 30. Qe2 Kc8 31. b3 Nd6 32. Kb1 Qa7 33. Qf2 Kc7 34. Kb2 Qa5 35. Qe2 axb3 36. axb3 b5 37. cxb5 Nxb5 38. Qc4 Qa3+ 39. Kc2 Bd6 40. Qa4 c4 41. Qxa3 Nxa3+ 42. Kb2 Kb7 43. Na2 cxb3 44. Kxb3 Nb5 45. Nc1 c5 46. Nd3 Kc6 47. Nb2 Nc7 48. Kc4 Ne6 49. Nd3 Be7 50. Bf2 1/2-1/2

[Event "10th Mumbai Mayors Cup 2017"]
[Site "Mumbai"]
[Date "2017.06.07"]
[Round "6"]
[White "Mrudul, Dehankar"]
[Black "Kulkarni, Bhakti"]
[Result "1/2-1/2"]
[WhiteElo "1942"]
[BlackElo "2292"]
[Annotator "NA"]
[PlyCount "142"]
[EventDate "2017.06.04"]
[EventType "swiss"]
[EventCountry "IND"]
[SourceTitle "playchess.com"]
[Source "ChessBase"]
[SourceQuality "1"]
[TimeControl "5400+30"]

1. d4 d5 2. c4 c6 3. Nc3 Nf6 4. cxd5 cxd5 5. Nf3 Nc6 6. Bf4 a6 7. e3 e6 8. Bd3 Bd6 9. Bxd6 Qxd6 10. O-O O-O 11. Rc1 Nd7 12. Qe2 f5 13. Nd2 $14 b5 14. f4 Bb7 15. Nf3 Rac8 16. Ne5 Ndxe5 17. fxe5 Qe7 18. Bb1 Na5 19. Qd3 Nc4 20. b3 Na3 21. Ne2 b4 22. Qd2 Nxb1 23. Rxb1 a5 24. Rfc1 g5 25. Rxc8 Rxc8 26. Rc1 Qd8 27. Rc5 Rxc5 28. dxc5 Qc7 29. Qd4 Ba6 30. Ng3 Qc6 31. h3 h6 32. Kh2 Kh7 33. Nh5 Kg6 34. Nf6 Be2 35. Qd2 Qc7 36. Qd4 Qc6 37. Qd2 Bb5 38. Qd4 Kf7 39. Kg3 Qc7 40. Kf2 Ba6 41. g4 fxg4 42. Nxg4 Kg7 43. Kg3 Qc6 44. h4 Qb5 45. hxg5 hxg5 46. Nf2 Qe8 47. Qg4 Qg6 48. c6 Qf5 49. Qxf5 exf5 50. c7 Kf7 51. Nd3 Ke7 52. Nc5 Bc8 53. Kf3 Ke8 54. Kg3 Ke7 55. Kf3 Ke8 56. Kf2 Ke7 57. Kg3 Ke8 58. Kf3 Ke7 59. Kg3 Ke8 60. e6 Ke7 61. Na4 Kxe6 62. Nb6 Bb7 63. c8=Q+ Bxc8 64. Nxc8 d4 65. exd4 f4+ 66. Kf3 Kd5 67. Ne7+ Kxd4 68. Nc6+ Kc3 69. Nxa5 Kb2 70. Nc6 Kxa2 71. Nxb4+ Kxb3 1/2-1/2

[Event "10th Mumbai Mayors Cup 2017"]
[Site "Mumbai"]
[Date "2017.06.07"]
[Round "6"]
[White "Jishitha, D."]
[Black "Neelotpal, Das"]
[Result "0-1"]
[WhiteElo "1933"]
[BlackElo "2438"]
[Annotator "TA"]
[PlyCount "60"]
[EventDate "2017.06.04"]
[EventType "swiss"]
[EventCountry "IND"]
[SourceTitle "playchess.com"]
[Source "ChessBase"]
[SourceQuality "1"]

{[%evp 29,60,14,25,0,0,-26,0,-23,-27,-38,-21,-35,-40,-120,-22,-190,-148,-366,-352,-1003,-957,-909,-955,-955,-955,-937,-921,-888,-866,-821,-767,-969,-943]} 1. d4 Nf6 2. c4 g6 3. g3 c5 4. d5 b5 5. cxb5 a6 6. bxa6 Bxa6 7. Bg2 d6 8. Nf3 Bg7 9. O-O Nbd7 10. Re1 O-O 11. Nc3 Nb6 12. e4 Nfd7 13. Qc2 Nc4 14. Bf1 {A58: Benko/Volga Gambit: Lines with 5 bxa6} Qa5 15. Bxc4 Bxc4 {LiveBook: 3 Games} 16. Bd2 {White has an edge.} (16. Bf4 Bxc3 17. bxc3 Qa6 18. Qd1 {½-½ (47) Xu,Y (2531)-Vidit,S (2658) Tashkent 2016}) 16... Qa6 17. h4 $146 ({Predecessor:} 17. Bf4 Rfb8 18. e5 Qb7 19. Qe4 Nb6 {0-1 (65) Gerusel,M (2420)-Miles,A (2555) Bad Lauterberg 1977}) 17... Nf6 (17... Bd3 $5 {[%cal Rd3c2]} 18. Qc1 Rfb8 $11) 18. Qc1 Ng4 19. Bf4 Bd4 20. Nxd4 cxd4 21. Nd1 {[#]} ({White should play} 21. Nb1 $15) 21... Bxa2 (21... Rfc8 $1 $17 {Strongly threatening ...Qa5.} 22. Qd2 Bd3) 22. h5 $2 (22. f3 $11 Ne5 23. Bxe5 dxe5 24. Nf2) 22... Qd3 $19 23. hxg6 $2 (23. b4 $17 {was worth a try.}) 23... fxg6 ({Weaker is} 23... hxg6 24. Kg2 $19) 24. Qc7 $2 {[#]} (24. b3 Qf3 25. Qd2 Bxb3 26. Rxa8 Rxa8 27. Qxd4 Bxd1 28. Bh6 Nxh6 29. Qxd1) 24... Rxf4 $1 {[%mdl 512] Black is clearly winning.} 25. gxf4 Qh3 26. Rxa2 d3 27. Rxa8+ Kf7 28. Rf8+ Kxf8 29. Qc8+ Kg7 {( -> ...Qh2+)} 30. Qc3+ Kf7 {Precision: White = 15%, Black = 65%.} 0-1

[Event "10th Mumbai Mayors Cup 2017"]
[Site "Mumbai"]
[Date "2017.06.07"]
[Round "6"]
[White "Samdani, Sahil Sagar"]
[Black "Iniyan, P."]
[Result "0-1"]
[WhiteElo "1824"]
[BlackElo "2392"]
[Annotator "TA"]
[PlyCount "82"]
[EventDate "2017.06.04"]
[EventType "swiss"]
[EventCountry "IND"]
[SourceTitle "playchess.com"]
[Source "ChessBase"]
[SourceQuality "1"]

{[%evp 17,82,48,62,-9,-9,-9,-4,-6,0,-21,-21,-20,47,-22,-17,-27,0,-8,-8,-13,0,-70,-64,-73,-73,-71,-64,-76,-59,-131,-118,-120,-114,-114,-114,-139,-151,-147,-143,-239,-239,-239,-239,-239,-239,-239,-202,-239,-239,-239,-228,-210,-227,-300,-301,-419,-302,-304,-311,-332,-315,-388,-352,-419,-391,-389,-381]} 1. e4 {[%cal Be2e4,Be4e5][%mdl 32]} c5 2. c3 Nf6 3. e5 Nd5 4. d4 e6 5. Nf3 cxd4 6. cxd4 d6 7. Nc3 dxe5 8. Nxe5 Nxc3 {B22: Sicilian: 2 c3} 9. bxc3 Nd7 {LiveBook: 10 Games} 10. Nxd7 (10. Bb5 $14) (10. Bb5 Bd6 11. Qg4 g6 12. Bh6 Qa5 13. Bxd7+ Bxd7 14. O-O Bxe5 15. dxe5 Qxe5 16. Rfe1 {0-1 (26) Alarcon Casellas,R (2404)-Vocaturo,D (2572) Santa Coloma 2015}) 10... Bxd7 $11 {The position is equal.} 11. Bd3 Qc7 $146 ({Predecessor:} 11... Bc6 12. O-O Qd5 13. f3 Bd6 14. Be4 Qc4 {½-½ (40) Tran Le Dan,T (1942)-Nguyen Thi Thanh,A (1991) Da Lat 2013}) 12. Bd2 Bd6 13. h3 O-O 14. O-O Bf4 ({Black should try} 14... Bc6 $11) 15. Qc1 (15. Bxf4 $14 Qxf4 16. Qb1) 15... Bxd2 16. Qxd2 Rac8 17. Rac1 Bc6 18. f4 Rfe8 19. Qc2 (19. f5 $11) 19... g6 $15 20. Qd2 Qd6 21. Rfe1 Rc7 22. Re5 Rec8 23. Bc2 (23. Bc4 $15) 23... Bd5 24. Bb3 Bxb3 25. axb3 Qa3 26. Rb5 {[#]} a6 $1 {[%cal Ra6b5]} 27. Rb6 {[#]} Qa5 $1 $36 {[%cal Ra5b6][%mdl 2048] White is under strong pressure.} 28. Rb4 {[#]} (28. Rd6 $17) 28... Qxb4 $1 $19 {[%mdl 512]} 29. cxb4 Rxc1+ {[%mdl 4096] Endgame KQ-KRR} 30. Kh2 R1c6 31. b5 axb5 32. Qa5 Rd6 33. Qxb5 Rc7 34. Qe5 Rcd7 35. g4 Rxd4 36. f5 R4d5 37. Qb8+ Rd8 38. Qxb7 {intending fxe6.} exf5 ({But not} 38... gxf5 39. gxf5 Rxf5 40. Qg2+ Kf8 41. Qc2 $19) 39. gxf5 Rxf5 {Black is winning.} 40. Qe7 Rd2+ 41. Kg3 Rd3+ {Precision: White = 34%, Black = 72%.} 0-1

[Event "10th Mumbai Mayors Cup 2017"]
[Site "Mumbai"]
[Date "2017.06.08"]
[Round "7"]
[White "Amonatov, Farrukh"]
[Black "Deepan, Chakkravarthy J"]
[Result "0-1"]
[WhiteElo "2635"]
[BlackElo "2480"]
[Annotator "TA"]
[PlyCount "55"]
[EventDate "2017.06.04"]
[EventType "swiss"]
[EventCountry "IND"]
[SourceTitle "playchess.com"]
[Source "ChessBase"]
[SourceQuality "1"]

{[%evp 21,55,37,48,8,3,-62,-52,-47,-35,-64,-38,-43,-64,-204,-210,-211,-191,-313,-227,-312,-300,-1076,-1076,-29987,-1052,-6395,-5489,-29989,-29990,-29993,-29994,-29994,-29995,-29995,-29996,-29996]} 1. e4 c5 2. Nf3 d6 3. d4 cxd4 4. Nxd4 Nf6 5. Nc3 a6 6. h3 e6 7. g4 Be7 {B81: Sicilian Scheveningen: Keres Attack} (7... Nfd7 8. g5 b5 9. a3 Bb7 10. Be3 Nc6 11. h4 Be7 12. Qe2 Nde5 13. O-O-O Nc4 14. Nxc6 Bxc6 15. Bd4 {0-1 (43) Sethuraman,S (2633)-Yu,Y (2743) Chengdu 2017}) 8. g5 Nfd7 9. Be3 b5 10. Qd2 Bb7 11. a3 Nc6 {LiveBook: 6 Games} 12. Nxc6 Bxc6 13. O-O-O $146 (13. f4 $11) ({Predecessor:} 13. h4 O-O 14. O-O-O Qb8 15. Qd4 a5 {0-1 (30) Eden,J (2297)-Guliyev,N (2579) Montigny le Bretonneux 2016}) 13... Qb8 $15 14. Bf4 {[%cal Rf4d6]} Ne5 15. Bg3 b4 16. axb4 Qxb4 17. f4 (17. Qd4 $15 Qa5 18. f4 Qa1+ 19. Nb1) 17... Rb8 $19 {[%csl Gb8][%cal Rb4b2]} 18. b3 O-O 19. fxe5 (19. Kb1 {was necessary.} Bxe4 20. Nxe4 Qxe4 21. Bd3 Nxd3 22. Qxd3) 19... Qa3+ $40 {[%mdl 128] Black has strong attack.} 20. Kb1 {And now Bc4 would win.} Bxg5 21. Qh2 $2 (21. Qd4 Bxe4 22. Nxe4 (22. Qxe4 {is a self mate.} Rxb3+ 23. cxb3 Qxb3+ 24. Ka1 Qxc3+ 25. Ka2 Qa5+ 26. Kb3 Rb8+ 27. Kc4 Qa2+ 28. Kd4 Rb4+ 29. Kd3 Rb3+ 30. Kd4 Qb2+ 31. Kc4 Qc3#) 22... Rxb3+ 23. cxb3 Qxb3+ 24. Qb2 (24. Ka1 {leads to mate.} Qa3+ 25. Kb1 Rb8+ 26. Qb6 Rxb6+ 27. Bb5 Rxb5+ 28. Kc2 Qb3#) 24... Qxd1+ 25. Ka2 Qa4+ 26. Qa3 Qc2+ 27. Qb2 Qa4+ 28. Qa3 Qxe4 29. Rh2) 21... Rb4 22. exd6 Rfb8 (22... Bxe4 $142 23. Nxe4 {[#]} Ra4 $3 {[%mdl 512]} 24. bxa4 Qb4+ 25. Ka1 Qxa4+ 26. Kb2 Qb4+ 27. Ka2 Rb8 28. Bb5 axb5 29. Qg1 Ra8+ 30. Qa7 Rxa7#) 23. Bc4 Rxc4 24. d7 Rxc3 {Black mates.} 25. Bxb8 {[#]} Rxb3+ $1 {[%mdl 512]} 26. cxb3 Bxe4+ 27. Qc2 Qxb3+ 28. Ka1 {Precision: White = 14%, Black = 86%.} 0-1

[Event "10th Mumbai Mayors Cup 2017"]
[Site "Mumbai"]
[Date "2017.06.08"]
[Round "7"]
[White "Tukhaev, Adam"]
[Black "Das, Sayantan"]
[Result "1-0"]
[WhiteElo "2567"]
[BlackElo "2401"]
[Annotator "TA"]
[PlyCount "73"]
[EventDate "2017.06.04"]
[EventType "swiss"]
[EventCountry "IND"]
[SourceTitle "playchess.com"]
[Source "ChessBase"]
[SourceQuality "1"]

{[%evp 14,73,6,3,31,31,41,30,45,52,50,50,47,32,41,33,59,47,66,34,72,59,56,17,65,67,75,73,95,92,72,79,91,88,115,105,102,104,118,118,114,115,160,164,168,6,147,154,557,556,1114,264,404,362,581,559,522,476,29985,29986,29987,29988]} 1. e4 c5 2. Nf3 d6 3. d4 cxd4 4. Nxd4 Nf6 5. Nc3 a6 6. h4 {B90: Sicilian Najdorf: Unusual White 6th moves, 6 Be3 Ng4 and 6 Be3 e5} (6. f3 e5 7. Nb3 Be6 8. Be3 h5 9. Qd2 Nbd7 10. Nd5 Bxd5 11. exd5 g6 12. Be2 Bg7 13. O-O b6 14. c4 O-O 15. h3 Nh7 16. g4 hxg4 17. hxg4 Bf6 {½-½ (49) So,W (2815)-Giri,A (2785) chess.com INT 2017}) 6... e5 7. Nb3 Be6 8. f4 {[%cal Bf2f4,Bf4f5][%mdl 32] LiveBook: 6 Games. The position is equal.} Nc6 9. f5 Bxb3 $1 10. axb3 Nb4 $146 ({Predecessor:} 10... d5 11. exd5 Nd4 12. Bd3 Nxd5 13. Bb5+ Nxb5 14. Nxd5 {½-½ (66) Naroditsky,D (2646)-Zherebukh,Y (2605) Saint Louis 2017}) 11. Bg5 Be7 12. Ra4 Nc6 13. Bxf6 Bxf6 14. g3 Rc8 15. Nd5 Ne7 16. Rc4 b5 17. Rxc8 Qxc8 18. c4 bxc4 19. Bxc4 Qc5 20. Ke2 O-O 21. Nxe7+ Bxe7 22. Qd5 a5 23. Ra1 h5 24. Rxa5 Qg1 25. Ra8 $40 {[%mdl 128] Black is in trouble.} Qg2+ {[#]} 26. Kd1 $1 {White threatens Qxf7+ and mate.} Qf3+ 27. Kc2 Rxa8 28. Qxa8+ Bf8 {[#]} 29. Kb1 $2 ({Only move:} 29. b4 $1 $18) 29... Qe3 (29... Qxg3 $11 30. Qa7 Qe1+ 31. Ka2 Kh7) 30. Ka2 $16 {White wants to mate with Qb7.} Qb6 $2 (30... d5 $16 {is more resistant.} 31. Bxd5 Qb6) 31. Bd5 $18 Qc5 32. Qa4 $2 (32. Qb7 Qa5+ 33. Kb1 Qe1+ 34. Kc2) 32... Qc7 (32... Kh7 $142 33. Bxf7 d5 34. Bxd5 Qe7) 33. b4 {[%cal Bb3b4,Bb4b5][%mdl 32]} Be7 $2 (33... Kh7 34. Qa6 Be7 35. Bxf7 g5 36. hxg5 Bxg5 37. Bxh5 Qb8) 34. Qe8+ Bf8 35. Qa8 {Threatens to win with b5.} Qb6 (35... Qd7 $18 36. Ka3 Qb5) 36. Qa5 Qb8 37. b5 {Precision: White = 70%, Black = 21%.} 1-0

[Event "10th Mumbai Mayors Cup 2017"]
[Site "Mumbai"]
[Date "2017.06.08"]
[Round "7"]
[White "Karthikeyan, P."]
[Black "Rathanvel, V S"]
[Result "1/2-1/2"]
[WhiteElo "2502"]
[BlackElo "2332"]
[Annotator "TA"]
[PlyCount "140"]
[EventDate "2017.06.04"]
[EventType "swiss"]
[EventCountry "IND"]
[SourceTitle "playchess.com"]
[Source "ChessBase"]
[SourceQuality "1"]

{[%evp 23,140,33,40,21,29,-6,0,-3,32,41,46,45,49,37,79,71,78,77,104,87,96,61,46,65,64,64,64,60,54,31,46,32,35,0,0,0,0,0,33,23,47,20,87,78,92,91,87,72,73,73,73,71,140,138,126,0,0,0,53,29,67,67,89,72,80,82,165,72,72,72,72,8,109,109,109,109,127,127,127,127,127,109,109,109,109,109,109,109,109,109,109,109,109,109,109,109,88,0,88,88,88,88,88,88,88,88,88,88,88,88,88,0,88,53,59,21,21,21,21]} 1. d4 Nf6 2. c4 e6 3. Nf3 Bb4+ 4. Nbd2 b6 5. a3 Bxd2+ 6. Qxd2 Bb7 7. e3 O-O 8. b3 d6 9. Bb2 Nbd7 10. Be2 Qe7 11. O-O Ne4 {E14: Queen's Indian: Classical Variation (4 e3)} (11... c5 12. Rfd1 Rfd8 13. Rac1 Rac8 14. a4 a5 15. Qc2 Be4 16. Qc3 Nf8 17. Nd2 Bb7 18. Nf1 Ng6 19. Ng3 e5 {1-0 (46) Postny,E (2658)-Andersson,U (2510) Bad Wiessee 2015}) 12. Qc2 f5 {LiveBook: 14 Games} 13. d5 e5 14. Ne1 c6 $146 (14... b5 $5) ({Predecessor:} 14... Rae8 15. f3 Nef6 16. b4 f4 17. e4 Nh5 18. Nd3 Qh4 19. c5 bxc5 20. bxc5 {1-0 (30) Ankit,R (2506)-Acsinte,M (2100) Iasi 2014}) 15. f3 Nef6 16. dxc6 Bxc6 17. Rd1 ({Much weaker is} 17. Qxf5 Ne4 $15) 17... Nc5 18. Nd3 ({Not} 18. Qxf5 Nd5 $17) 18... Rab8 19. Nxc5 bxc5 20. Bc3 Kh8 {[#]} 21. b4 $1 d5 22. bxc5 ({Reject} 22. Qxf5 d4 $15) 22... Qxc5 23. Qd2 {Hoping for Bb4.} Rfe8 $1 24. Bb4 Qb6 25. Bd6 Rb7 26. c5 Qb2 $1 27. Qxb2 Rxb2 28. Bd3 e4 29. fxe4 fxe4 30. Rb1 Rxb1 (30... Rxg2+ {looks sharper.} 31. Kxg2 exd3 32. Rbd1 Rxe3 33. Rf4 h6) 31. Bxb1 Kg8 32. Bc2 h5 (32... Ng4 $11 33. Bf4 Ne5) 33. Bd1 $16 Kh7 34. Be2 Kg6 35. Rb1 Ng4 36. Bxg4 hxg4 {[%mdl 4096] Endgame KRB-KRB} 37. Kf2 d4 ({Better is} 37... Kf5) 38. exd4 e3+ 39. Kg3 ({White must play} 39. Ke2 $16) 39... Re4 40. Be5 e2 (40... Kf7 $11) 41. Re1 Bb5 42. Kf2 Kf5 43. Rb1 g6 44. Ke1 a6 {[#]} (44... Bc6 $16) 45. Rc1 (45. Rb3 $1 $18) 45... Bc6 46. Rc2 Ke6 47. g3 (47. Rxe2 $16 Rxe2+ 48. Kxe2) 47... Kd5 (47... Re3 $11 {keeps the balance.}) 48. Rxe2 Rxe2+ 49. Kxe2 {KB-KB} Ke4 50. Kd2 Bb5 51. Kc3 a5 52. Bc7 a4 53. Kb4 Be8 54. Be5 Kd5 55. Ka5 Bd7 56. Kb6 Be8 57. Kb7 Bc6+ 58. Kc7 Bb5 59. Kc8 Bc6 60. Kc7 Bb5 $1 61. Bh8 Bc6 62. Bg7 Bb5 63. Bh6 Bc6 64. Be3 Bb5 65. Kd8 Ke6 66. Bg1 Bc6 67. Be3 Bb5 $1 68. d5+ Kxd5 69. Ke7 Kc6 70. Kf6 Bd3 {Precision: White = 62%, Black = 64%.} 1/2-1/2